Please tell me the answer / (Record no. 161481)

MARC details
000 -LEADER
fixed length control field 01018nam a22002297a 4500
005 - DATE AND TIME OF LATEST TRANSACTION
control field 20190918110402.0
010 ## - LCCN (DPL NO)
LC control number 1819CHEN B-720566-586
020 ## - INTERNATIONAL STANDARD BOOK NUMBER
International Standard Book Number 9789384930646
Terms of availability 495.00
035 ## - SYSTEM CONTROL NUMBER
System control number B-720566-586
035 ## - SYSTEM CONTROL NUMBER
System control number B-730053
037 ## - SOURCE OF ACQUISITION
Source of stock number/acquisition Education Gallery
082 ## - DEWEY DECIMAL CLASSIFICATION NUMBER
Classification number 500
100 ## - MAIN ENTRY--PERSONAL NAME
Personal name Sharma,Roshi
245 ## - TITLE STATEMENT
Title Please tell me the answer /
Remainder of title earth, invention and discoveries
Statement of responsibility, etc by Roshi Sharma
260 ## - PUBLICATION, DISTRIBUTION, ETC. (IMPRINT)
Place of publication, distribution, etc Delhi
Name of publisher, distributor, etc Education Gallery
Date of publication, distribution, etc 2018
270 ## - ADDRESS
Address 26/25, Block-26, Gali No.12, Vishwas Nagar, Shahdara
City Delhi
Postal code 110032
300 ## - PHYSICAL DESCRIPTION
Extent 198p.:
Other physical details ill.
Dimensions 22cm(Hb)
500 ## - GENERAL NOTE
General note Airport
942 ## - ADDED ENTRY ELEMENTS (KOHA)
Source of classification or shelving scheme Dewey Decimal Classification
Item type Children Books
Call number suffix SHA
Classification part 500
Holdings
Withdrawn status Lost status Not for loan Collection code Home library Current library Date acquired Source of acquisition Cost, normal purchase price Full call number Barcode Copy number Cost, replacement price Koha item type Public note
      Non-fiction Ashok Vihar Ashok Vihar 18/09/2019 Gift /Eng /13.09.2019 495.00 500 SHA B-730053 1 495.00 Children Books  
      Non-fiction Central Library Central Library 01/05/2019 Education Gallery/86/22-03-19/607/13-03-19/04-04-19 495.00 500 SHA B-720586 1 495.00 Children Books AAI(CSR)
      Non-fiction Mobile Library Mobile Library 01/05/2019 Education Gallery/86/22-03-19/607/13-03-19/04-04-19 495.00 500 SHA B-720566 20 495.00 Children Books AAI(CSR)
      Non-fiction Mobile Library Mobile Library 01/05/2019 Education Gallery/86/22-03-19/607/13-03-19/04-04-19 495.00 500 SHA B-720567 20 495.00 Children Books AAI(CSR)
      Non-fiction Mobile Library Mobile Library 01/05/2019 Education Gallery/86/22-03-19/607/13-03-19/04-04-19 495.00 500 SHA B-720568 20 495.00 Children Books AAI(CSR)
      Non-fiction Mobile Library Mobile Library 01/05/2019 Education Gallery/86/22-03-19/607/13-03-19/04-04-19 495.00 500 SHA B-720569 20 495.00 Children Books AAI(CSR)
      Non-fiction Mobile Library Mobile Library 01/05/2019 Education Gallery/86/22-03-19/607/13-03-19/04-04-19 495.00 500 SHA B-720570 20 495.00 Children Books AAI(CSR)
      Non-fiction Mobile Library Mobile Library 01/05/2019 Education Gallery/86/22-03-19/607/13-03-19/04-04-19 495.00 500 SHA B-720571 20 495.00 Children Books AAI(CSR)
      Non-fiction Mobile Library Mobile Library 01/05/2019 Education Gallery/86/22-03-19/607/13-03-19/04-04-19 495.00 500 SHA B-720572 20 495.00 Children Books AAI(CSR)
      Non-fiction Mobile Library Mobile Library 01/05/2019 Education Gallery/86/22-03-19/607/13-03-19/04-04-19 495.00 500 SHA B-720573 20 495.00 Children Books AAI(CSR)
      Non-fiction Mobile Library Mobile Library 01/05/2019 Education Gallery/86/22-03-19/607/13-03-19/04-04-19 495.00 500 SHA B-720574 20 495.00 Children Books AAI(CSR)
      Non-fiction Mobile Library Mobile Library 01/05/2019 Education Gallery/86/22-03-19/607/13-03-19/04-04-19 495.00 500 SHA B-720575 20 495.00 Children Books AAI(CSR)
      Non-fiction Mobile Library Mobile Library 01/05/2019 Education Gallery/86/22-03-19/607/13-03-19/04-04-19 495.00 500 SHA B-720576 20 495.00 Children Books AAI(CSR)
      Non-fiction Mobile Library Mobile Library 01/05/2019 Education Gallery/86/22-03-19/607/13-03-19/04-04-19 495.00 500 SHA B-720577 20 495.00 Children Books AAI(CSR)
      Non-fiction Mobile Library Mobile Library 01/05/2019 Education Gallery/86/22-03-19/607/13-03-19/04-04-19 495.00 500 SHA B-720578 20 495.00 Children Books AAI(CSR)
      Non-fiction Mobile Library Mobile Library 01/05/2019 Education Gallery/86/22-03-19/607/13-03-19/04-04-19 495.00 500 SHA B-720579 20 495.00 Children Books AAI(CSR)
      Non-fiction Mobile Library Mobile Library 01/05/2019 Education Gallery/86/22-03-19/607/13-03-19/04-04-19 495.00 500 SHA B-720580 20 495.00 Children Books AAI(CSR)
      Non-fiction Mobile Library Mobile Library 01/05/2019 Education Gallery/86/22-03-19/607/13-03-19/04-04-19 495.00 500 SHA B-720581 20 495.00 Children Books AAI(CSR)
      Non-fiction Mobile Library Mobile Library 01/05/2019 Education Gallery/86/22-03-19/607/13-03-19/04-04-19 495.00 500 SHA B-720582 20 495.00 Children Books AAI(CSR)
      Non-fiction Mobile Library Mobile Library 01/05/2019 Education Gallery/86/22-03-19/607/13-03-19/04-04-19 495.00 500 SHA B-720583 20 495.00 Children Books AAI(CSR)
      Non-fiction Mobile Library Mobile Library 01/05/2019 Education Gallery/86/22-03-19/607/13-03-19/04-04-19 495.00 500 SHA B-720584 20 495.00 Children Books AAI(CSR)
      Non-fiction Mobile Library Mobile Library 01/05/2019 Education Gallery/86/22-03-19/607/13-03-19/04-04-19 495.00 500 SHA B-720585 20 495.00 Children Books AAI(CSR)

© Delhi Public Library
Hit Counter
free hit counter